Statystyki dla Miasta nordyckie - quiz na mapie

Kliknij tutaj aby rozwiązać quiz!

Ogólne statystyki

  • Ten quiz został rozwiązany 1 177 razy
  • Średni wynik to 7 z 12

Odpowiedzi na mapie

Odpowiedzi skodowane kolorowo w zielono-czerwonej skali na mapie do tego quizu, zgodnie z poniższymi procentami.
 

Statystyki odpowiedzi

Odpowiedź% Poprawnych
Reykjavík
95%
Oslo
91%
Helsinki
88%
Kopenhaga
87%
Sztokholm
85%
Goteborg
57%
Bergen
52%
Aalborg
46%
Oulu
46%
Visby
37%
Hammerfest
33%
Umeå
32%

Rozkład punktacji

Percentyl według liczby udzielonych odpowiedzi

Procent ludzi z każdym wynikiem

Twoja historia wyników

Nie rozwiązałeś tego quizu